000 00697nam a2200289Ia 4500
005 20260324133822.0
008 008 260324s9999 xx 000 0 eng d
020 _a9781315073316
037 _aEBOOK
040 _aCRL
040 _beng
040 _cCRL
041 _2eng
041 _aeng
084 _qCRL
100 _aWeiguo Zhang
_91194515
245 0 _aEconomic Reforms and Fertility Behaviour
245 2 _bA Study of a Northern Chinese Village
260 _bTaylor and Francis
260 _c2002
365 _a
365 _b62.99
856 _uhttp://www.taylorfrancis.com/books/9781315073316
942 _cEBOOK
999 _c1793948
_d1793948